Indian English poetry : (Record no. 129186)
[ view plain ]
| 000 -LEADER | |
|---|---|
| fixed length control field | 00780nam a22002417a 4500 |
| 003 - CONTROL NUMBER IDENTIFIER | |
| control field | 0 |
| 005 - DATE AND TIME OF LATEST TRANSACTION | |
| control field | 20180702104716.0 |
| 008 - FIXED-LENGTH DATA ELEMENTS--GENERAL INFORMATION | |
| fixed length control field | 0 |
| 010 ## - LIBRARY OF CONGRESS CONTROL NUMBER | |
| LC control number | B-031329 |
| 020 ## - INTERNATIONAL STANDARD BOOK NUMBER | |
| Terms of availability | 00.00 |
| International Standard Book Number | 8176251119 |
| 035 ## - SYSTEM CONTROL NUMBER | |
| System control number | B-031329, B-31330 |
| 037 ## - SOURCE OF ACQUISITION | |
| Source of stock number/acquisition | Cen Lib/Ret |
| 040 ## - CATALOGING SOURCE | |
| Original cataloging agency | DPL |
| Language of cataloging | EN |
| Transcribing agency | 0 |
| 082 ## - DEWEY DECIMAL CLASSIFICATION NUMBER | |
| Classification number | 881.08 |
| Item number | IND |
| 245 ## - TITLE STATEMENT | |
| Title | Indian English poetry : |
| Statement of responsibility, etc | edited by Jaydipsinh Dodiya |
| Remainder of title | critical perspectives / |
| 260 ## - PUBLICATION, DISTRIBUTION, ETC. (IMPRINT) | |
| Place of publication, distribution, etc | New Delhi |
| Name of publisher, distributor, etc | Sarup and Sons |
| Date of publication, distribution, etc | 2000 |
| 270 ## - ADDRESS | |
| Address | 4740/23, Ansari Road Darya Ganj |
| City | New Delhi |
| Postal code | 110002 |
| 300 ## - PHYSICAL DESCRIPTION | |
| Extent | 302p. |
| Dimensions | 22cm(Hb) |
| 650 ## - SUBJECT ADDED ENTRY--TOPICAL TERM | |
| Topical term or geographic name as entry element | Indic poetry (English) -- 20th century -- History and criticism -- Congresses |
| 9 (RLIN) | 25669 |
| 650 ## - SUBJECT ADDED ENTRY--TOPICAL TERM | |
| Topical term or geographic name as entry element | Indic poetry (English) |
| 9 (RLIN) | 101869 |
| 700 ## - ADDED ENTRY--PERSONAL NAME | |
| Personal name | Dodiya, Jaydipsinh |
| 9 (RLIN) | 22662 |
| 942 ## - ADDED ENTRY ELEMENTS (KOHA) | |
| Source of classification or shelving scheme | Dewey Decimal Classification |
| Koha item type | English Books |
| Classification part | 881.08 |
| Call number suffix | IND |
| Withdrawn status | Lost status | Damaged status | Not for loan | Home library | Current library | Date acquired | Source of acquisition | Cost, normal purchase price | Total Checkouts | Full call number | Barcode | Date last seen | Copy number | Cost, replacement price | Price effective from | Koha item type | Source of classification or shelving scheme | Collection code | Public note |
|---|---|---|---|---|---|---|---|---|---|---|---|---|---|---|---|---|---|---|---|
| Central Library | Central Library | 04/07/2015 | Cen Lib/Ret | 0.00 | 881.08 IND | B-031329 | 04/07/2015 | 1 | 0.00 | 04/07/2015 | English Books | ||||||||
| Patel Nagar | Patel Nagar | 02/07/2018 | BPPD/Pub | 0.00 | 881.08 IND | B-31330 | 02/07/2018 | 1 | 0.00 | 02/07/2018 | English Books | Dewey Decimal Classification | Non-fiction | ||||||
| Sarojini Nagar | Sarojini Nagar | 13/05/2019 | 881.08 IND | B-031331 | 13/05/2019 | 13/05/2019 | English Books | Dewey Decimal Classification | Non-fiction | Withdrawn List Prepared L.No.14/11 |
